European Countries by National Anthems - Click Map - Statistics

General Stats
  • This quiz has been taken 150 times
    40 since last reset
  • The average score is 26 of 45
Answers on the Map
Answers color-coded by a green-red scale on the quiz's map according to % correct below.
 
Answer Stats
Answer % Correct
A Portuguesa
97%
God Save the King
94%
Bundeshymne der Republik Österreich
90%
Das Lied der Deutschen
87%
Il Canto degli Italiani
87%
La Marseillaise
87%
Amhrán na bhFiann
84%
Державний Гімн України (Derzhavnyi Himn Ukrainy)
84%
Дзяржаўны гімн Рэспублікі Беларусь (Gosudarstvennyy gimn Respubliki Belarus)
84%
Государственный гимн Российской Федерации (Gosudarstvennyy gimn Rossiyskoy Federatsii)
84%
Himni i Republikës së Kosovës
81%
Schweizerpsalm
81%
Денес над Македонија (Denes nad Makedonija)
77%
Deșteaptă-te, române!
77%
Dievs, svētī Latviju!
77%
Државна химна Босне и Херцеговине (Državna himna Bosne i Hercegovine)
77%
Ύμνος εις την Ελευθερίαν (Ýmnos is tin Eleftherían)
77%
Himnusz (Isten, áldd meg a Magyart)
71%
Hymne Monégasque
71%
L-Innu Malti
65%
Inno e Marcia Pontificale
58%
Mazurek Dąbrowskiego
58%
Mu isamaa, mu õnn ja rõõm
58%
Marcha Real
55%
Боже правде (Bože pravde)
52%
Lofsöngur
52%
Inno Nazionale della Repubblica
48%
Мила Родино (Mila Rodino)
45%
Du gamla, du fria
42%
El Gran Carlemany
42%
Oben am jungen Rhein
42%
Ja, vi elsker dette landet
39%
Limba noastră
39%
Nad Tatrou sa blýska
39%
Wilhelmus
39%
La Brabançonne
35%
Himni i Flamurit
32%
Kde domov můj
32%
Der er et yndigt land
29%
Maamme
29%
Zdravljica
29%
Lijepa naša domovino
26%
Oj, svijetla majska zoro
23%
Tautiška giesmė
23%
Ons Heemecht
16%
No matching quizzes found
Score Distribution
Percent of People with Each Score
Percentile by Number Answered
Your Score History
You have not taken this quiz since the last reset